000 00877nam a22001815i 4500
001 168247
003 ES-MaACL
005 20230906213729.0
008 020228s1871 sp |||| | spa d
040 _aCAM
_bspa
_cCAM
100 1 _aZumel, Enrique.
_9118492
245 1 3 _aEl anillo del diablo
_b: comedia de magia en tres actos y en verso /
_coriginal de Enrique Zumel.
260 _aMadrid :
_b[s.n.],
_c1871 (
_fImprenta de José Rodríguez)
300 _a77 p. ;
_c19 cm.
500 _aEn port.: Representada por primera vez en el Teatro de Variedades el 8 de mayo de 1871.
596 _aAl v. de port. consta : "... Galerías Dramática y Líricas de los Sres. Gullon é Hidalgo..."
852 _aES-MaACL
_jF-8571(5)
_z-- Enc. pasta española, falto de la enc. original
_z-- Enc. en un vol. facticio formando parte de la col. facticia "Teatro español moderno", vol. 24
999 _c168247
_d168247